Exploring performance management in Italian local government: The necessity of outcome measures and citizen participation (Record no. 511560)

000 -LEADER
fixed length control field 01831nam a2200205 4500
008 - FIXED-LENGTH DATA ELEMENTS--GENERAL INFORMATION
fixed length control field 190926b ||||| |||| 00| 0 eng d
100 ## - MAIN ENTRY--PERSONAL NAME
Personal name Rivenbark, William C.
245 ## - TITLE STATEMENT
Title Exploring performance management in Italian local government: The necessity of outcome measures and citizen participation
260 ## - PUBLICATION, DISTRIBUTION, ETC. (IMPRINT)
Name of publisher, distributor, etc American Review of Public Administration
300 ## - PHYSICAL DESCRIPTION
Extent 49(5), Jul, 2019: p.5545-553.
520 ## - SUMMARY, ETC.
Summary, etc The purpose of this article is to identify what internal and external factors increase the probability of local officials actually using performance data for decision making within Italian local government, responding to one of the basic questions of performance management theory. Based on a sample of local governments from the Apulia region, we used an ordinary least squares regression model to show that local officials are more likely to engage in performance data use when they rely on input, output, and outcome measures and when they increase the level of citizen participation. While the reliance on more advanced performance measures clearly builds on previous research, our study represents one of the few studies that demonstrates a statistically significant relationship between performance management and citizen participation in local government. We conclude from our findings that we cannot forget about basic performance measurement and external stakeholder involvement as scholars continue to push the boundaries of performance management theory. - Reproduced.
650 ## - SUBJECT ADDED ENTRY--TOPICAL TERM
Topical term or geographic name as entry element Citizen participation
9 (RLIN) 11459
650 ## - SUBJECT ADDED ENTRY--TOPICAL TERM
Topical term or geographic name as entry element Performance management
9 (RLIN) 11460
650 ## - SUBJECT ADDED ENTRY--TOPICAL TERM
Topical term or geographic name as entry element Performance measurement
9 (RLIN) 11461
700 ## - ADDED ENTRY--PERSONAL NAME
Personal name Fasiello, Roberta
9 (RLIN) 11462
700 ## - ADDED ENTRY--PERSONAL NAME
Personal name Adamo, Stefano
9 (RLIN) 11463
773 ## - HOST ITEM ENTRY
Main entry heading American Review of Public Administration
906 ## - LOCAL DATA ELEMENT F, LDF (RLIN)
Subject DIP Local government - Italy
942 ## - ADDED ENTRY ELEMENTS (KOHA)
Source of classification or shelving scheme
Item type Articles
Holdings
Withdrawn status Lost status Source of classification or shelving scheme Damaged status Not for loan Permanent location Current location Date acquired Serial Enumeration / chronology Barcode Date last seen Koha item type
          Indian Institute of Public Administration Indian Institute of Public Administration 2019-09-26 49(5), Jul, 2019: p.545-553. AR121151 2019-09-26 Articles

Powered by Koha